| 000 | 01227 a2200277 4500 | ||
|---|---|---|---|
| 001 | 23178 | ||
| 005 | 20260407155520.0 | ||
| 008 | 260407a1983 arg spa d | ||
| 003 | AR-UNSa-BCEJYS | ||
| 040 |
_aAR-UNSa-BCEJYS _bspa _cAR-UNSa-BCEJYS |
||
| 080 |
_a330 _xEconomía en general |
||
| 245 | 1 | 0 | _aEconomia |
| 020 | _a968-451-580-4 | ||
| 250 | _a11a. ed. | ||
| 264 | 1 |
_aMéxico : _bMcGraw-Hill _c1983 |
|
| 300 |
_axi, 986 p. _c23 cm. |
||
| 505 | _a Parte I: Conceptos economicos basicos y renta mundial- Parte II: La determinación de la renta nacional y sus fluctuaciones - Parte III: La composicion y la fijación de los precios del producto nacional - Parte IV: Distribución de la renta: la fijación de los precios de los factores productivos - Parte V: Comercio y Finanzas internacionales - Parte VI: Problemas económicos actuales. | ||
| 942 | _cBK | ||
| 590 | _aniveau_biblio:m niveau_hierar:0 | ||
| 100 | 1 | _aSamuelson, Paul A. | |
| 700 | 1 | _aSamuelson, William | |
| 700 | 1 | _aGala Muñoz, Manuel | |
| 700 | 1 | _aAzqueta Oyarzun, Diego | |
| 700 | 1 | _aToharia Cortés, Luis | |
| 856 | 4 | 1 |
_uhttps://biblioeco.unsa.edu.ar/pmb/images/libros/Economia 11ed (samuelson-nordhaus).jpg _yImagen de portada _qimage/jpeg |
| 999 |
_c1092 _d1092 |
||